Age de mort des célébrités 1 - Statistiques

Statistiques générales
  • Ce quiz a été pris 11 fois
  • Le résultat moyen est 15 sur 50
Statistiques - réponses
Hint Réponse % Correct
Elizabeth II 96
80%
XXXTentacion 20
60%
Michael Jackson 50
60%
Louis 14 76
60%
John Fitzgerald Kennedy 46
50%
Adolf Hitler 56
50%
James Dean 24
40%
Bruce Lee 32
40%
Marilyn Monroe 36
40%
Jésus De Nazareth 37
40%
Martin Luther King 39
40%
John Lennon 40
40%
Freddie Mercury 45
40%
William Shakespeare 52
40%
George Harrison 58
40%
Albert Einstein 76
40%
Charles de Gaulle 79
40%
Charlie Chaplin 88
40%
Louis 16 38
30%
Elvis Presley 42
30%
Napoléon I 51
30%
Maradona 60
30%
Gandhi 78
30%
David Lynch 78
30%
Nelson Mandela 95
30%
Edith Piaf 47
20%
Steve Mcqueen 50
20%
Abraham Lincoln 56
20%
Andy Warhol 58
20%
Franklin D Roosevelt 63
20%
Audrey Hepburn 63
20%
Karl Marx 64
20%
Ingrid Bergman 67
20%
Buster Keaton 70
20%
Stanley Kubrick 70
20%
Hulk Hogan 71
20%
Charles Darwin 73
20%
Joseph Staline 74
20%
Alfred Hitchcock 80
20%
Neil Armstrong 82
20%
Dali 84
20%
Fred Astaire 88
20%
Agnès Varda 90
20%
Louis Pasteur 72
10%
Sigmund Freud 83
10%
Thomas Edison 84
10%
Churchill 90
10%
Chester Bennington 41
0%
Werner Heisenberg 74
0%
Akira Kurosawa 88
0%
Aucun quiz correspondant
Distribution des résultats
% des personnes avec chaque résultat
Percentile par nombre de réponses
Votre historique - résultats
Vous n’avez pas pris ce quiz